| 000 | 00765nam a2200265Ia 4500 | ||
|---|---|---|---|
| 003 | OSt | ||
| 005 | 20220918201155.0 | ||
| 006 | a|||||r|||| 00| 0 | ||
| 007 | ta | ||
| 008 | 220917b |||||||| |||| 00| 0 eng d | ||
| 024 | _a92,154 | ||
| 037 | _cTextual | ||
| 040 |
_aARTS _cARTS _beng |
||
| 041 |
_2eng _aeng |
||
| 082 | _aV1:19(X).N7, M5 | ||
| 100 |
_aSrero Joan Edelman _997269 |
||
| 245 | 0 | _aPolitics of international economic relations | |
| 250 | _a3rd | ||
| 260 |
_aLondon _bGeorge Allen _c1985 |
||
| 300 |
_aviii, 447p. _ccm. |
||
| 500 | _aBibliography p405--432; Glossary p399--405 | ||
| 650 |
_aINTERNATIONAL ECONOMIC RELATIONS _997270 |
||
| 942 |
_hV1:19(X).N7, M5 _cTEXL _2CC |
||
| 999 |
_c215808 _d215808 |
||